Atlas de la France au XXe siècle : 1914 à 2002 : de la Grande Guerre à la nouvelle société (notice n° 2028901)
[ vue normale ]
| 000 -LEADER | |
|---|---|
| fixed length control field | 01262cam a2200157 4500500 |
| 005 - DATE AND TIME OF LATEST TRANSACTION | |
| control field | 20260329082457.0 |
| 041 ## - LANGUAGE CODE | |
| Language code of text/sound track or separate title | fre |
| 042 ## - AUTHENTICATION CODE | |
| Authentication code | dc |
| 100 10 - MAIN ENTRY--PERSONAL NAME | |
| Personal name | Houte, Arnaud-Dominique |
| Relator term | author |
| 245 00 - TITLE STATEMENT | |
| Title | Atlas de la France au XXe siècle : 1914 à 2002 : de la Grande Guerre à la nouvelle société |
| 260 ## - PUBLICATION, DISTRIBUTION, ETC. | |
| Name of publisher, distributor, etc. | Autrement,<br/> |
| Date of publication, distribution, etc. | 2018.<br/> |
| 520 ## - SUMMARY, ETC. | |
| Summary, etc. | Plus de 80 cartes et documents pour comprendre la société française au XXe siècle, de la Grande Guerre à l’éclosion d’une nouvelle société.• Comment la France a traversé les deux guerres mondiales et s’est reconstruite.• La modernisation du pays malgré plusieurs crises économiques.• La mutation de la société : augmentation d’un tiers de la population et libéralisation des mœurs.• La place de la France au cœur de l’Europe et dans le monde.Cet atlas propose, de 1914 à 2002, un tour de France politique, économique et géopolitique et dresse un portrait de la société française dans toute sa diversité. |
| 700 10 - ADDED ENTRY--PERSONAL NAME | |
| Personal name | Dusserre, Aurélia |
| Relator term | author |
| 700 10 - ADDED ENTRY--PERSONAL NAME | |
| Personal name | Balavoine, Guillaume |
| Relator term | author |
| 856 41 - ELECTRONIC LOCATION AND ACCESS | |
| Uniform Resource Identifier | <a href="https://shs.cairn.info/atlas-de-la-france-au-xxe-siecle-1914-a-2002-de-la-grande-guerre-a-la-nouvelle-societe--9782746746817?lang=fr&redirect-ssocas=7080">https://shs.cairn.info/atlas-de-la-france-au-xxe-siecle-1914-a-2002-de-la-grande-guerre-a-la-nouvelle-societe--9782746746817?lang=fr&redirect-ssocas=7080</a> |
Pas d'exemplaire disponible.




Réseaux sociaux